| 000 | 00560nam a2200193 a 4500 | ||
|---|---|---|---|
| 001 | 000021985 | ||
| 005 | 20200930011531.0 | ||
| 008 | 100915s1975 sp 000 0 spa d | ||
| 020 | _a8432505226 | ||
| 040 |
_aDO-SdBNP _bspa _cBNPHU |
||
| 082 |
_ann* _bnn* |
||
| 100 | 1 |
_aBainville, Jacques. _945574 |
|
| 245 | 1 | 3 |
_aLa tercera república francesa / _cJacques Bainville. |
| 260 |
_aMadrid : _bDoncel, _c1975. |
||
| 300 |
_a236 p. ; _c18 cm. |
||
| 490 | 1 |
_aEl Libro del Bolsillo Doncel _v75 |
|
| 830 | 3 |
_aEl Libro del Bolsillo Doncel _v75 _945575 |
|
| 049 | _aBNGR | ||
| 999 |
_c21483 _d21483 |
||